Survey (Record no. 81892)
[ view plain ]
| 000 -LEADER | |
|---|---|
| fixed length control field | 01170cab a22002055a 4500 |
| 001 - CONTROL NUMBER | |
| control field | L148584 |
| 008 - FIXED-LENGTH DATA ELEMENTS--GENERAL INFORMATION | |
| fixed length control field | 091006s2009 xxk d d 000 0 eng d |
| 035 ## - SYSTEM CONTROL NUMBER | |
| System control number | (Sirsi) u148584 |
| 041 0# - LANGUAGE CODE | |
| Language code of text/sound track or separate title | eng |
| 110 2# - MAIN ENTRY--CORPORATE NAME | |
| Corporate name or jurisdiction name as entry element | Asia Property |
| 9 (RLIN) | 5589 |
| 245 00 - TITLE STATEMENT | |
| Title | Survey |
| Remainder of title | India |
| 260 ## - PUBLICATION, DISTRIBUTION, ETC. | |
| Date of publication, distribution, etc. | 2009 |
| 490 #0 - SERIES STATEMENT | |
| Series statement | Asia Property |
| Volume/sequential designation | September 2009, 19-25(7) |
| 520 ## - SUMMARY, ETC. | |
| Summary, etc. | India?s office market has contracted after downsizing by IT occupiers and retreat by foreign investors but there are opportunities those still in the market and prospects for a quick recovery. The big nine Indian property developers have posted a 76% dip in profits and 57% fall in sales in Q2 2009 but a recent rise in demand and renewed investor interest suggest that the worst is over. Meeting mass demand from India?s middle class for affordable housing is the new focus for residential developers. India?s retail sector has failed to attract investment since the downturn. Tables. Graphs. |
| 590 ## - LOCAL NOTE (RLIN) | |
| Local note | KA |
| 651 #4 - SUBJECT ADDED ENTRY--GEOGRAPHIC NAME | |
| Geographic name | India |
| 690 ## - LOCAL SUBJECT ADDED ENTRY--TOPICAL TERM (OCLC, RLIN) | |
| Topical term or geographic name as entry element | PROPERTY-COMMERCIAL PROPERTY-COMMERCIAL PROPERTY FINANCE AND INVESTMENT |
| 690 ## - LOCAL SUBJECT ADDED ENTRY--TOPICAL TERM (OCLC, RLIN) | |
| Topical term or geographic name as entry element | PROPERTY-RESIDENTIAL PROPERTY-RESIDENTIAL PROPERTY FINANCE AND INVESTMENT |
| 942 ## - ADDED ENTRY ELEMENTS (KOHA) | |
| Suppress in OPAC | 0 |
| Withdrawn status | Lost status | Source of classification or shelving scheme | Damaged status | Not for loan | Home library | Current library | Shelving location | Date acquired | Total Checkouts | Full call number | Barcode | Date last seen | Copy number | Price effective from | Koha item type |
|---|---|---|---|---|---|---|---|---|---|---|---|---|---|---|---|
| Dewey Decimal Classification | London | London | Journal article | 06/10/2009 | L148584 | 148584-1001 | 06/08/2019 | 1 | 06/08/2019 | Journal article |